Smaller to Bigger Name - Statistics

General Stats
  • This quiz has been taken 45 times
  • The average score is 13 of 15
Answer Stats
Hint Answer % Correct
United Kingdom United Kingdom of Great Britain and Northern Ireland
100%
United States United States of America
95%
CAF Central African Republic
92%
Bahamas Commonwealth of the Bahamas
92%
DRC Democratic Republic of the Congo
92%
Iran Iran, Islamic Republic of
92%
Bhutan Kingdom of Bhutan
92%
Libya State of Libya
92%
Mexico United Mexican States
92%
Greece Hellenic Republic
89%
Taiwan Republic of China
89%
Cuba The Republic Of Cuba
89%
South Korea Republic Of Korea
87%
North Korea Democratic People's Republic of Korea
74%
China People's Republic of China
71%
No matching quizzes found
Score Distribution
Percent of People with Each Score
Percentile by Number Answered
Your Score History
You have not taken this quiz